Statistiken für NBA Teams

Klicken Sie hier um das Quiz zu spielen!

Allgemein

  • Dieses Quiz wurde 4.966 mal gespielt
  • Das Durchschnittsergebnis liegt bei 22 aus 30

Antwortstatistiken

Teams% Korrekt
Los Angeles Lakers
98%
Boston Celtics
90%
Golden State Warriors
88%
Miami Heat
85%
Chicago Bulls
84%
Los Angeles Clippers
84%
Brooklyn Nets
82%
Milwaukee Bucks
82%
Dallas Mavericks
81%
New York Knicks
80%
Denver Nuggets
76%
Philadelphia 76ers
72%
Phoenix Suns
72%
San Antonio Spurs
72%
Toronto Raptors
72%
Houston Rockets
71%
Atlanta Hawks
70%
Orlando Magic
69%
Sacramento Kings
68%
Detroit Pistons
66%
Memphis Grizzlies
66%
Charlotte Hornets
64%
Minnesota Timberwolves
64%
Utah Jazz
64%
Cleveland Cavaliers
63%
Oklahoma City Thunder
63%
Washington Wizards
63%
Indiana Pacers
59%
New Orleans Pelicans
59%
Portland Trail Blazers
57%

Verteilung der Resultate

Perzentil nach korrekt beantworteten Fragen

Anzahl Personen mit jedem Resultat

Ihre Resultats-Entwicklung

Sie haben dieses Quiz noch nicht gespielt